000 00832nam a2200253Ia 4500
003 OSt
005 20220923211000.0
006 a|||||r|||| 00| 0
007 ta
008 220922b |||||||| |||| 00| 0 hin d
020 _a8170161916 (hbk)
024 _a238,439
037 _cTextual
040 _aARTS
_cARTS
_bhin
041 _2hin
_ahin
082 _aO111,3N15,3, 152N4
100 _aखुशवंत सिंह; महाजन, उषा, अनु.
_9156814
245 0 _aदिल्ली
246 _aDillī
260 _aनयी दिल्ली
_b किताबघर प्रकाशन
_c1994
300 _a334पृ.
_ccm.
942 _hO111,3N15,3, 152N4
_cTEXL
_2CC
999 _c293473
_d293473